| 000 | 00519nam a2200193 4500 | ||
|---|---|---|---|
| 003 | OSt | ||
| 005 | 20260601171004.0 | ||
| 008 | 260507b1968\\\\|||ae|||\||||\00|\0\eng\d | ||
| 040 |
_aICI _bspa _cICI |
||
| 050 |
_aTA174 _bS66 1970 |
||
| 100 | 1 |
_aM.F. Spotts _931945 |
|
| 245 | 1 | _aDesign Engineering Projects | |
| 264 |
_bPrentice Hall _c1968 _aEstados Unidos de América |
||
| 300 | _a242 páginas | ||
| 336 |
_atexto _2rdacontent |
||
| 337 |
_asin medio _2rdamedia |
||
| 338 |
_avolumen _2rdacarrier |
||
| 942 |
_2lcc _cB _n1 |
||
| 999 |
_c20210 _d20210 |
||